| 000 | 01072cam a2200277 a 4500 | ||
|---|---|---|---|
| 001 | 4432140 | ||
| 003 | Nust- CAS-E | ||
| 005 | 20180118181352.0 | ||
| 008 | 940328s1994 nyua b 001 0 eng | ||
| 010 | _a 94011103 | ||
| 020 |
_a0824792378 _c0824792374 |
||
| 040 |
_aDLC _cDLC _dDLC |
||
| 050 | 0 | 0 |
_aTK3001 _b.B87 1994 |
| 082 | 0 | 0 |
_a621.319 _220 _bBUR 1994 |
| 100 | 1 |
_aBurke, James J., _d1944- |
|
| 245 | 1 | 0 |
_aPower distribution engineering : _bfundamentals and applications / _cJames J. Burke. |
| 260 |
_aNew York : _bM. Dekker, _cc1994. |
||
| 300 |
_aix, 356 p. : _bill. ; _c24 cm. |
||
| 440 | 0 |
_aElectrical engineering and electronics ; _v88 |
|
| 504 | _aIncludes bibliographical references and index. | ||
| 650 | 0 | _aElectric power distribution. | |
| 856 | 4 | 2 |
_3Publisher description _uhttp://www.loc.gov/catdir/enhancements/fy0647/94011103-d.html |
| 906 |
_a7 _bcbc _corignew _d1 _eocip _f19 _gy-gencatlg |
||
| 942 |
_2ddc _cBK |
||
| 999 |
_c355189 _d355189 |
||